| 000 | 00910nam a22002777a 4500 | ||
|---|---|---|---|
| 003 | CHAP | ||
| 005 | 20220329135829.0 | ||
| 008 | 971013s1904 r 00010 d | ||
| 010 | _a42942 | ||
| 011 | _a43914 | ||
| 035 | _a48051 | ||
| 040 | _cCHAP | ||
| 082 |
_a606.4 _bE9 1904 |
||
| 111 | 0 | 0 |
_aExposición Internacional de St. Louis, Mo., _d1904. Comisión Nacional Mexicana. _939122 |
| 245 | _aCatálogo oficial de las exhibiciones de los Estados Unidos Mexicanos | ||
| 260 |
_aSan Louis., Mo. : _bLa Exposición, _c1904 |
||
| 300 | _a315 p. | ||
| 590 |
_aBATCH-UPD _b10 _c20130110 _lUCH01 _h1752 |
||
| 590 |
_aBATCH-UPD _b10 _c20130410 _lUCH01 _h1129 |
||
| 590 |
_aBATCH-UPD _b10 _c20130914 _lUCH01 _h1337 |
||
| 590 |
_aCONVERSION _b10 _c20130109 _lUCH01 _h1324 |
||
| 650 | 1 | 4 |
_aExposiciones. _939121 |
| 901 | _aBK | ||
| 942 | _cLIBRO | ||
| 949 |
_a606.4 E9 1904 _bBC _cLIBRO _d-108980 _eLIBRO _h15028 _i48051 _mD _si |
||
| 999 |
_c42942 _d42942 |
||